Sports Quiz

Random Sports Quiz

Who was UNLV's opponent? Quiz Stats

Quiz not verified by Sporcle

Challenge
Share
Tweet
Embed
Score 0/21 Timer 08:00
0 Plays Today
% Correct
Utah State
63.6%
Louisville
58.9%
Arkansas
54.2%
New Mexico
52.3%
San Diego State
51.4%
Princeton
50.5%
Oklahoma
47.7%
Temple
38.3%
LSU
37.4%
TCU
36.4%
Indiana
35.5%
% Correct
Fresno State
33.6%
BYU
29.9%
Loyola Marymount
29%
Ohio State
29%
Stanford
27.1%
Montana
26.2%
Irvine
25.2%
Bradley
25.2%
Utah
16.8%
Mississippi Valley State
15%

You're not logged in!

Compare scores with friends on all Sporcle quizzes.
Join for Free
OR
Log In

You Might Also Like...

Show Comments

Extras

Created Nov 11, 2014ReportNominate
Tags:unlv

Top Quizzes Today


Score Distribution

Your Account Isn't Verified!

In order to create a playlist on Sporcle, you need to verify the email address you used during registration. Go to your Sporcle Settings to finish the process.

Report this User

Report this user for behavior that violates our Community Guidelines.

Details: